Normal view MARC view
  • Entremesos

Entry Terme de gènere/ forma

Number of records used in: 1

001 - NÚMERO DE CONTROL

  • campo de control: 168367

003 - IDENTIFICADOR DEL NÚMERO DE CONTROL

  • campo de control: ES-BaIT

005 - FECHA Y HORA DE LA ÚLTIMA TRANSACCIÓN

  • campo de control: 20260206125808.0

008 - DATOS DE LONGITUD FIJA

  • campo de control de longitud fija: 260206|| aca||babn | a|a d

040 ## - FUENTE DE LA CATALOGACIÓN

  • Centro catalogador/agencia de origen: ES-BaIT

155 ## - ENCABEZAMIENTO--TÉRMINO DE GÉNERO/FORMA

  • Término de género/forma: Entremesos

Powered by Koha